000
00293nam a2200133Ia 4500
100
_a
Robines Judd
942
_c
BK
654
_a
Computer
245
_a
Lotus 1-2-3- Release 2.3 & 2.4 for Dos
260
_b
BPB
_a
New Delhi
_c
1992
082
_a
005.13 'C'
546
_a
ENGLISH
999
_c
22638
_d
22638